| 000 | 01033cab a2200205 4500 | ||
|---|---|---|---|
| 001 | ##L134337 | ||
| 008 | 060727n2006 000 0 eng u | ||
| 035 | _a(Sirsi) u134337 | ||
| 041 | 0 | _aeng | |
| 110 | 2 |
_aMajor Contractors Group _94988 |
|
| 245 | 0 | 0 | _aMCG annual report shows improvement in health and safety performance |
| 260 | _c2006 | ||
| 490 | 0 |
_aMCG Press Release _v17 July 2006 |
|
| 520 | _aAccident incidence rates on Major Contractors Group (MCG) member company sites have fallen by more than a third over the past five years. The number of reportable injuries per 100 000 workers has gone down from 1 331 in 1999/2000 to 837 for the year ending March 2006. In addition, there were no fatalities reported on any project where a MCG company was working during the 12 months to March 2006. | ||
| 590 | _aIKA010806 | ||
| 651 | 4 |
_aUnited Kingdom _y |
|
| 690 |
_aHealth and safety _96244 |
||
| 856 | 4 | 1 |
_uhttps://www.thecc.org.uk/index.asp?page=whatsnew _zView the item free of charge at www.thecc.org.uk/... |
| 942 | _n0 | ||
| 999 |
_c77463 _d77463 |
||